000 00568nam a2200229Ia 4500
003 OSt
005 20230516140607.0
008 210423s1982 xx 000 0 und d
020 _a978-0-8032-6311-6
040 _cAL
041 _aeng
082 _a970.4 CAMH
100 _aCAMPBELL (Maria)
_9105312
245 _aHalfbreed
260 _aLondon
_bUniversity of Nebraska Press
_c1982
300 _a157
_bPB
365 _b1140
_cINR
650 _aGeography & History
_9105313
650 _aHistory of America
_9105314
906 _aHalfbreed
942 _2ddc
_cBK
999 _c166361
_d166361